| 000 | 02905nam2a22003011 4500 | ||
|---|---|---|---|
| 001 | RU\NLR\INFOCOMM31\1000034116 | ||
| 005 | 20250617043655.0 | ||
| 035 | _a(NLR Aleph) 002452991 | ||
| 090 |
_a2181094 _c2181094 |
||
| 100 | _a20040323d1913 |||y0rusy50 ca | ||
| 101 | 0 | _arus | |
| 102 | _aRU | ||
| 105 | _ay ||||||||| | ||
| 200 | 0 | _aГ.28 1913, Т.1, №9/10 | |
| 210 |
_d1913 _aБ. м. |
||
| 421 | 1 |
_12001#$aВыписка из протокола заседания городской Училищной комиссии от 17 декабря 1912 г. _1210##$a[Иркутск$d1913] _1215##$a2 с. _tВыписка из протокола заседания городской Училищной комиссии от 17 декабря 1912 г. |
|
| 421 | 1 |
_12001#$aДоклад в Иркутскую городскую думу Комиссии о проверке отчетов Городской управы за 1901 год _1210##$a[Иркутск$d1913] _1215##$a19 с. _tДоклад в Иркутскую городскую думу Комиссии о проверке отчетов Городской управы за 1901 год |
|
| 421 | 1 |
_12001#$aДоклад Ревизионной комиссии по заявлениям г. Меер о поставке городу дров, овса и сена _1210##$a[Иркутск$d1913] _1215##$a10, 2 с. _tДоклад Ревизионной комиссии по заявлениям г. Меер о поставке городу дров, овса и сена |
|
| 421 | 1 |
_12001#$aПроект инструкции чинам торговой полиции, учрежденной при Иркутской городской управе на основании 126 ст. Городового положения издания 1892 года _1210##$a[Иркутск$d1913] _1215##$a2 с. _tПроект инструкции чинам торговой полиции, учрежденной при Иркутской городской управе на основании 126 ст. Городового положения издания 1892 года |
|
| 421 | 1 |
_12001#$aПротокол заседания городской Училищной комиссии 30 января 1913 г. _1210##$a[Иркутск$d1913] _1215##$a6 с. _tПротокол заседания городской Училищной комиссии 30 января 1913 г. |
|
| 461 | 0 |
_1001RU\NLR\INFOCOMM31\1000033700 _12001#$aИзвестия Иркутской городской думы$vГ.28 1913, Т.1, №9/10 _92180744 _aИркутская городская дума _cИркутск _d1886-1913 _tИзвестия Иркутской городской думы _vГ.28 1913, Т.1, №9/10 |
|
| 801 | 1 |
_aRU _bInfoComm _c20040323 |
|
| 801 | 0 |
_aRU _bNLR _gPSBO |
|
| 852 |
_aNLR _j4/11 |
||
| 942 | _cISSUE | ||
| 980 | _aNB | ||
| 980 | _aRUSPER | ||